| 000 | 005520000a22001810004500 | ||
|---|---|---|---|
| 003 | MACL | ||
| 005 | 20160520161737.0 | ||
| 008 | 160520b xxu||||| |||| 00| 0 eng d | ||
| 040 |
_aMACL _cMACL |
||
| 041 | _aHindi | ||
| 082 | _a891.433 RAS | ||
| 100 |
_aरस्तोगी, रेखा _958574 |
||
| 245 |
_aआक्राेश _cरेखा रस्तोगी |
||
| 260 |
_bललित प्रकाशन _c2001 _aनई दिल्ली |
||
| 350 | _a150 | ||
| 650 |
_aStory _958575 |
||
| 942 |
_cHIN _k891.433/RAS/S _2ddc |
||
| 999 |
_c41744 _d41744 |
||